MARC

LEADER 00000nab a2200000 a 4500
001 vtls009090461
003 SK-MaSNL
005 20260318121913.0
008 070831c2007 xo wr p 000 c0ukr
015 |a SNBRB2007/08 
038 |a SVKPOCL 
040 |a SVKPO  |b slo  |c SVKPO  |e AACR2 
041 0 |a ukr 
044 |a xo  |c SK 
080 |a 94(437.6)-051"18/19":061.3  |2 2001 
080 |a 929 Dobrjanský, Adolf  |2 2001 
080 |a 061.3  |2 2001 
100 1 |a Kováč, Andrej,  |d 1930-2015  |4 aut  |9 177702 
245 1 0 |a Seminar pro Adol'fa Dobrjans'koho  |c [avtor] A. K. 
600 1 7 |a Dobriansky, Adolf I.,  |d 1817-1901  |2 svkpocl  |9 142221 
610 2 7 |a Ruský dom (Prešov, Slovensko)  |2 svkpocl  |9 844840 
610 2 7 |a Ruský klub 1923 (Prešov, Slovensko)  |2 svkpocl  |9 18446 
650 0 7 |a dejiny  |2 svkpocl  |9 3825 
650 0 7 |a semináre  |2 svkpocl  |9 18562 
651 7 |a Prešov (Slovensko)  |2 svkpocl  |9 17347 
651 7 |a Čertižné (Slovensko)  |2 svkpocl  |9 51198 
651 7 |a Medzilaborce (Slovensko : okres)  |2 svkpocl  |9 29394 
773 0 |t Nove žyttja  |g Roč. 57, č. 21-22 (2007), s. 1 
852 |a SVKPO  |b KIS3GCP 
958 |a UK 
958 |a SK 
958 |a RN 
958 |a BX 
999 |c 3255213  |d 3257143